Tinh hoa Đông Tây sách lược tranh hùng (Từ nhà Chu đến nhà Ngụy Tấn)

Sparad:
Bibliografiska uppgifter
Huvudupphovsman: Trần, Sáng
Materialtyp: Bok
Språk:Undetermined
Publicerad: Đồng Nai Tổng hợp Đồng Nai 2003
Ämnen:
Taggar: Lägg till en tagg
Inga taggar, Lägg till första taggen!
Thư viện lưu trữ: Trung tâm Học liệu Trường Đại học Cần Thơ
LEADER 00613nam a2200217Ia 4500
001 CTU_91679
008 210402s9999 xx 000 0 und d
020 |c 32500 
082 |a 951 
082 |b S102 
100 |a Trần, Sáng 
245 0 |a Tinh hoa Đông Tây sách lược tranh hùng 
245 0 |b (Từ nhà Chu đến nhà Ngụy Tấn) 
245 0 |c Trần Sáng 
260 |a Đồng Nai 
260 |b Tổng hợp Đồng Nai 
260 |c 2003 
650 |a History 
650 |z China 
904 |i Năm 
980 |a Trung tâm Học liệu Trường Đại học Cần Thơ